000 00762nam a2200289Ia 4500
008 160321s9999||||xx |||||||||||||| ||und||
040 _cEnglish
082 _aVIII.A/Kulkarni
082 _bBORI-18215
100 _aB. R. Kulkarni
245 _aAstronmical Origin of the Hindu Trinity
260 _aNanded
260 _bGodateer Itihas Sanshodhan Mandal
260 _c1962
300 _a100
300 _cA
300 _ePaperback
530 _u00010144.pdf
563 _aStudy
600 _aB. R. Kulkarni
630 _aAstronmical Origin of the Hindu Trinity
650 _aAstronomy/Astrology/maths
650 _aTechnical Science
700 _aB. R. Kulkarni
730 _aAstronmical Origin of the Hindu Trinity
942 _cBOOK
999 _c1358433
_d1358430